[Event "Elit(Eksjo-Farsta)"]
[Site "?"]
[Date "2023.03.10"]
[Round "7"]
[White "Lindeman, Sven"]
[Black "Krantz, Christopher"]
[Result "0-1"]
[WhiteElo "2160"]
[BlackElo "2241"]
[PlyCount "76"]
[SourceVersionDate "2023.03.18"]

1. e4 c6 2. d4 d5 3. e5 c5 4. dxc5 e6 5. a3 Bxc5 6. Nf3 f6 7. b4 Be7 8. Bb2 a5
9. b5 Nd7 10. c4 Nxe5 11. cxd5 Nxf3+ 12. Qxf3 Qxd5 13. Qg4 Kf7 14. Bc4 Nh6 15.
Qe2 Qxg2 16. Rf1 Ng4 17. Nd2 Nxh2 18. O-O-O Nxf1 19. Rxf1 Re8 20. Nf3 Kf8 21.
Rg1 Qh3 22. Kb1 Bd7 23. Ka1 Qh5 24. Rd1 Rad8 25. Rxd7 Rxd7 26. Qxe6 Rd1+ 27.
Ka2 Bd8 28. Qg8+ Ke7 29. Qxg7+ Kd6 30. Qxb7 Qc5 31. Bb3 Rd3 32. Qf7 Re2 33. a4
Rxb3 34. Qf8+ Be7 35. Qb8+ Kd7 36. Qb7+ Ke8 37. Qa8+ Kf7 38. Ng5+ fxg5 0-1

[Event "Elit(Limhamn-Kungstornet)"]
[Site "?"]
[Date "2023.03.10"]
[Round "7"]
[White "Brynell, Stellan"]
[Black "Larsson, Anders"]
[Result "1-0"]
[WhiteElo "2393"]
[BlackElo "2221"]
[PlyCount "53"]
[SourceVersionDate "2023.03.18"]

1. d4 e6 2. Nf3 Nf6 3. c4 Bb4+ 4. Bd2 Bxd2+ 5. Qxd2 O-O 6. g3 Qe7 7. Bg2 d6 8.
Nc3 e5 9. O-O Re8 10. e4 Bg4 11. Ne1 Nc6 12. Nc2 Nxd4 13. Nxd4 exd4 14. Qxd4
Qe5 15. Qd2 a6 16. Rfe1 Be6 17. Nd5 Bxd5 18. cxd5 c5 19. dxc6 bxc6 20. Rac1
Rab8 21. b3 c5 22. Rcd1 c4 23. bxc4 Rb2 24. Qxd6 Qa5 25. e5 Rxa2 26. Bc6 Qb6
27. Rf1 1-0

[Event "Elit(Eksjo-Farsta)"]
[Site "?"]
[Date "2023.03.10"]
[Round "7"]
[White "Malesevic, Nedeljko"]
[Black "Ong, Kezli"]
[Result "1-0"]
[WhiteElo "2226"]
[BlackElo "2299"]
[PlyCount "94"]
[SourceVersionDate "2023.03.18"]

1. d4 Nf6 2. c4 e6 3. Nf3 Bb4+ 4. Nbd2 b6 5. a3 Bxd2+ 6. Bxd2 Bb7 7. g3 O-O 8.
Bg2 d6 9. O-O Nbd7 10. Rc1 Be4 11. Nh4 Bxg2 12. Nxg2 c5 13. Bc3 Qe7 14. dxc5
bxc5 15. Qc2 d5 16. cxd5 exd5 17. Bxf6 Qxf6 18. Nf4 d4 19. Qa4 Nb6 20. Qa6 c4
21. a4 Rfc8 22. Rfd1 g5 23. Ng2 Qc6 24. a5 Na4 25. Qxc6 Rxc6 26. Rxd4 Nxb2 27.
Ne3 Re8 28. Rc3 Re5 29. Rd2 Rb5 30. g4 Kg7 31. Nf5+ Kf6 32. Nd4 Rd6 33. Nxb5
Rxd2 34. Nxa7 Rxe2 35. Nc6 Rd2 36. a6 Nd3 37. Rxc4 Nf4 38. f3 Rg2+ 39. Kf1 Rxh2
40. a7 Ra2 41. Rd4 Ra1+ 42. Kf2 Ra2+ 43. Ke1 Ne6 44. Rd7 Ra1+ 45. Kd2 Ra2+ 46.
Kc3 Ra6 47. Kb4 Rb6+ 1-0

[Event "Elit(Limhamn-Kungstornet)"]
[Site "?"]
[Date "2023.03.10"]
[Round "7"]
[White "Couso, Luis"]
[Black "Jepson, Christian"]
[Result "1/2-1/2"]
[WhiteElo "2244"]
[BlackElo "2388"]
[PlyCount "61"]
[SourceVersionDate "2023.03.18"]

1. e4 g6 2. d4 Bg7 3. Nc3 c6 4. Nf3 d6 5. h3 b5 6. Be2 Nd7 7. O-O Qc7 8. Be3 b4
9. Na4 Ngf6 10. Bd3 O-O 11. c4 c5 12. d5 Nb6 13. a3 Nxa4 14. Qxa4 Bd7 15. Qc2
a5 16. a4 e6 17. b3 Rae8 18. Rae1 Bc8 19. Nd2 Nd7 20. f4 Ba6 21. Kh1 exd5 22.
exd5 Bb7 23. f5 Nf6 24. Bf4 Rxe1 25. Rxe1 Bc8 26. Nf3 Qd8 27. g4 Re8 28. Rxe8+
Nxe8 29. g5 Bc3 30. h4 Ng7 31. fxg6 1/2-1/2

[Event "Elit(Eksjo-Farsta)"]
[Site "?"]
[Date "2023.03.10"]
[Round "7"]
[White "Lagerborg, Krister"]
[Black "Thornert, Hakan"]
[Result "1-0"]
[WhiteElo "2099"]
[BlackElo "2170"]
[PlyCount "85"]
[SourceVersionDate "2023.03.18"]

1. e4 c5 2. Nf3 d6 3. d4 cxd4 4. Nxd4 Nf6 5. Nc3 g6 6. f3 Bg7 7. Be3 Nc6 8. Bc4
O-O 9. Bb3 Bd7 10. Qe2 a6 11. O-O-O Na5 12. Qd2 b5 13. Bh6 Bxh6 14. Qxh6 e5 15.
Nde2 b4 16. Nd5 Nxb3+ 17. cxb3 Nxd5 18. Rxd5 Be6 19. Rd2 a5 20. h4 a4 21. Kb1
axb3 22. Nc1 Qc7 23. Qe3 bxa2+ 24. Ka1 Rfc8 25. Nd3 Rab8 26. h5 b3 27. g4 Rb4
28. Rdh2 Rd4 29. Nc1 Rb4 30. Ne2 Rb7 31. Nc3 Qe7 32. g5 Qc7 33. Qd2 Qc5 34. Rd1
Rd7 35. Rhh1 Rcd8 36. Rc1 Qb6 37. hxg6 fxg6 38. Nd5 Bxd5 39. Qxd5+ Kg7 40. Qe6
Qb7 41. Rxh7+ Kxh7 42. Rh1+ Kg7 43. Qf6+ 1-0

[Event "Elit(Limhamn-Kungstornet)"]
[Site "?"]
[Date "2023.03.10"]
[Round "7"]
[White "Schneider, Stefan"]
[Black "Glimbrant, Torbjorn"]
[Result "1-0"]
[WhiteElo "2372"]
[BlackElo "2153"]
[PlyCount "81"]
[SourceVersionDate "2023.03.18"]

1. d4 d5 2. c4 e6 3. Nc3 Be7 4. Nf3 Nf6 5. Bg5 O-O 6. e3 h6 7. Bh4 b6 8. Bd3
Bb7 9. O-O dxc4 10. Bxc4 Nbd7 11. Qe2 a6 12. Rfd1 b5 13. Bb3 Ne4 14. Nxe4 Bxh4
15. d5 e5 16. a4 bxa4 17. Bxa4 f5 18. Bxd7 fxe4 19. Be6+ Kh8 20. Nxh4 Qxh4 21.
Rac1 a5 22. Rxc7 Ba6 23. Qd2 Bd3 24. Rdc1 Kh7 25. Rc8 Raxc8 26. Rxc8 Rf6 27. h3
Qh5 28. Bg8+ Kg6 29. Rc6 Kg5 30. Re6 Rxe6 31. Bxe6 Qe8 32. Qxa5 Qb8 33. Qc5 h5
34. b4 Kf6 35. h4 g6 36. Kh2 Qd8 37. Bh3 Kg7 38. d6 Qxh4 39. Qxe5+ Qf6 40. Qf4
g5 41. Qxf6+ 1-0

[Event "Elit(Eksjo-Farsta)"]
[Site "?"]
[Date "2023.03.10"]
[Round "7"]
[White "Rajcevski, Dejan"]
[Black "Jaderberg, Bjorn"]
[Result "1/2-1/2"]
[WhiteElo "2067"]
[BlackElo "2136"]
[PlyCount "108"]
[SourceVersionDate "2023.03.18"]

1. d4 d6 2. Nf3 Nf6 3. c4 Nbd7 4. Nc3 e5 5. d5 Be7 6. h3 O-O 7. e4 Nc5 8. Qc2
a5 9. Be3 b6 10. Be2 Bd7 11. Nd2 c6 12. Nb3 a4 13. Nxc5 bxc5 14. O-O cxd5 15.
cxd5 Qb6 16. Rfb1 Rfb8 17. b3 axb3 18. Rxb3 Qxb3 19. axb3 Rxa1+ 20. Kh2 Ra3 21.
Bc4 Rba8 22. Bc1 R3a5 23. Qe2 h6 24. f4 exf4 25. Bxf4 Re8 26. Nb5 Bxb5 27. Bxb5
Rb8 28. Bc4 Re8 29. Qd2 Rea8 30. e5 Ne8 31. Qe3 dxe5 32. Bxe5 Bg5 33. Qg3 Ra2
34. h4 Bf6 35. Bf4 Rd8 36. Bxh6 Nd6 37. Bd3 Re8 38. Bf4 Ne4 39. Qe1 Bc3 40. Qc1
Bd4 41. Bxe4 Rxe4 42. d6 Kf8 43. Kh3 Ra1 44. Qd2 Rf1 45. Qa5 Rfxf4 46. d7 Rxh4+
47. Kg3 Be5+ 48. Kf2 Bd4+ 49. Kg3 Be5+ 50. Kf2 Rhf4+ 51. Kg1 Bd4+ 52. Kh2 Rh4+
53. Kg3 Rhg4+ 54. Kh2 Rh4+ 1/2-1/2

[Event "Elit(Vasteras-Wasa)"]
[Site "?"]
[Date "2023.03.10"]
[Round "7"]
[White "Amin, Bassem"]
[Black "Akesson, Ralf"]
[Result "1/2-1/2"]
[WhiteElo "2684"]
[BlackElo "2407"]
[PlyCount "40"]
[SourceVersionDate "2023.03.18"]

1. Nf3 Nf6 2. g3 d5 3. Bg2 g6 4. O-O Bg7 5. d3 O-O 6. c3 a5 7. Re1 a4 8. Na3
Nc6 9. c4 dxc4 10. Nxc4 Be6 11. Bd2 Bxc4 12. dxc4 Ne4 13. Rb1 Nxd2 14. Qxd2
Qxd2 15. Nxd2 Rfd8 16. Ne4 Ra5 17. Rec1 Nb4 18. a3 Na6 19. h4 b6 20. Rc2 Nc5
1/2-1/2

[Event "Elit(Rockaden, Stockholm-LASK)"]
[Site "?"]
[Date "2023.03.10"]
[Round "7"]
[White "Tari, Aryan"]
[Black "Neiksans, Arturs"]
[Result "1-0"]
[WhiteElo "2653"]
[BlackElo "2606"]
[PlyCount "85"]
[SourceVersionDate "2023.03.20"]

1. c4 e5 2. g3 c6 3. Nf3 e4 4. Nd4 d5 5. cxd5 Qxd5 6. Nc2 Nf6 7. Nc3 Qe5 8. Bg2
Na6 9. O-O Be7 10. Ne1 O-O 11. d4 exd3 12. Nxd3 Qh5 13. e4 Qxd1 14. Rxd1 Nc5
15. Nxc5 Bxc5 16. Na4 Be7 17. Be3 Re8 18. f3 Bf8 19. Rac1 b6 20. Nc3 Bb7 21.
Kf2 Re7 22. b4 Rd7 23. a3 Rad8 24. Bf1 Rxd1 25. Nxd1 Ne8 26. Nb2 Nc7 27. Nd3
Ne6 28. Ne5 Rc8 29. Bc4 Bd6 30. Bf4 Nxf4 31. gxf4 Bxe5 32. fxe5 Kf8 33. Rd1 Re8
34. f4 Ke7 35. Ke3 Bc8 36. f5 Rf8 37. Kf4 f6 38. Rg1 g6 39. fxg6 hxg6 40. Rxg6
fxe5+ 41. Kxe5 Rf2 42. Rxc6 Bd7 43. Rh6 1-0

[Event "Elit(Stockholms SS-Helsingborg)"]
[Site "?"]
[Date "2023.03.10"]
[Round "7"]
[White "Olund, Joar"]
[Black "Kristensen, Kaare Hove"]
[Result "1-0"]
[WhiteElo "2406"]
[BlackElo "2218"]
[PlyCount "131"]
[SourceVersionDate "2023.03.16"]

1. d4 d5 2. Bf4 c5 3. e3 cxd4 4. exd4 Nc6 5. c3 Bf5 6. Qb3 Qd7 7. Nf3 f6 8. Be2
g5 9. Be3 Bg7 10. Qd1 Bg6 11. c4 e6 12. cxd5 exd5 13. Nc3 Nge7 14. Rc1 Nf5 15.
O-O g4 16. Ne1 Nxe3 17. fxe3 Bh6 18. Rxf6 Bxe3+ 19. Kh1 Rf8 20. Bxg4 Rxf6 21.
Bxd7+ Kxd7 22. Nf3 Bxc1 23. Qxc1 Be4 24. Nxe4 dxe4 25. Qg5 Raf8 26. Qg4+ Kd6
27. Qxe4 Re6 28. Qh4 h6 29. h3 Rf5 30. Qg4 Ref6 31. Qe4 Rd5 32. Qe8 b6 33. Qe4
Re6 34. Qf4+ Ke7 35. Qc7+ Rd7 36. Qg3 Red6 37. Qg8 Re6 38. a3 Red6 39. b4 b5
40. Kh2 Re6 41. Qc8 a6 42. h4 Rf6 43. h5 Rd5 44. Qb7+ Rd7 45. Qc8 Rd5 46. Qxa6
Rxh5+ 47. Kg1 Rd5 48. Qb7+ Kd6 49. Qa6 Ke7 50. a4 Rfd6 51. Qb7+ Ke6 52. Qc8+
Ke7 53. Qc7+ Ke6 54. Qc8+ Ke7 55. Nh4 Nxd4 56. a5 Rc6 57. Qb7+ Ke6 58. Qh7 Rdd6
59. Ng6 Kf6 60. Ne7 Rc1+ 61. Kh2 Ke5 62. Ng6+ Kd5 63. Qf7+ Ne6 64. Qb7+ Kd4 65.
Qxb5 Nc7 66. Qe5+ 1-0

[Event "Elit(Vasteras-Wasa)"]
[Site "?"]
[Date "2023.03.10"]
[Round "7"]
[White "Carlsson, Ludvig"]
[Black "Berg, Emanuel"]
[Result "0-1"]
[WhiteElo "2349"]
[BlackElo "2506"]
[PlyCount "86"]
[SourceVersionDate "2023.03.18"]

1. e4 e6 2. d4 d5 3. Nc3 Bb4 4. e5 c5 5. a3 Bxc3+ 6. bxc3 Ne7 7. h4 Qa5 8. Bd2
Nbc6 9. a4 Qc7 10. Nf3 Bd7 11. Bd3 f6 12. Bf4 c4 13. Be2 Ng6 14. Bg3 fxe5 15.
dxe5 O-O 16. Qd2 h6 17. h5 Nge7 18. Bf4 Rf7 19. Rh3 Raf8 20. Bh2 Qb6 21. g4 Qb2
22. Rd1 Kh7 23. g5 Rf5 24. Rg3 Be8 25. Rh3 a5 26. Kf1 Nd8 27. Kg1 Bxa4 28. Nd4
Rxg5+ 29. Kh1 Rxf2 30. Bg3 Rxe2 31. Qxe2 Nf5 32. Bf4 Nxd4 33. cxd4 Bxc2 34.
Bxg5 Be4+ 35. Qxe4+ dxe4 36. Bxd8 c3 37. Rg1 c2 38. Rhg3 g5 39. hxg6+ Kg8 40.
Bxa5 c1=Q 41. Rxc1 Qxc1+ 42. Kg2 b6 43. Bc3 e3 0-1

[Event "Elit(Rockaden, Stockholm-LASK)"]
[Site "?"]
[Date "2023.03.10"]
[Round "7"]
[White "Seo, Jung Min"]
[Black "Kucuksari, Kaan"]
[Result "1/2-1/2"]
[WhiteElo "2516"]
[BlackElo "2487"]
[PlyCount "115"]
[SourceVersionDate "2023.03.20"]

1. d4 d5 2. c4 c6 3. Nf3 Nf6 4. e3 e6 5. Nc3 Nbd7 6. Qc2 Bd6 7. b3 O-O 8. Be2
e5 9. cxd5 Nxd5 10. Nxd5 cxd5 11. dxe5 Nxe5 12. Bb2 Bb4+ 13. Kf1 Nxf3 14. Bxf3
Be6 15. h4 Rc8 16. Qd3 Be7 17. g3 Bf6 18. Bd4 Bxd4 19. Qxd4 Qa5 20. Kg2 Rc2 21.
a4 Rfc8 22. Rhd1 h6 23. Bxd5 Bxd5+ 24. Qxd5 Qb6 25. Qf3 Qxb3 26. Rab1 Qxa4 27.
Rxb7 Qa2 28. Rdd7 Rxf2+ 29. Qxf2 Rc2 30. Rd8+ Kh7 31. Rxf7 Rxf2+ 32. Rxf2 Qe6
33. Rd4 a5 34. e4 Qb3 35. e5 Qe3 36. Ra4 Qxe5 37. Rfa2 Qd5+ 38. Kh2 Qf7 39.
Rxa5 Qb3 40. R5a3 Qd5 41. Rf2 Qc5 42. Raf3 Qd4 43. Rf4 Qe3 44. Kg2 Qe5 45. Rg4
Qd5+ 46. Kh2 Qe6 47. Rgf4 Qe3 48. Rf8 Qc5 49. R8f3 Qd4 50. Rf7 Kg8 51. R7f4 Qe3
52. R2f3 Qe2+ 53. Rf2 Qe3 54. Kg2 Qe5 55. Rf8+ Kh7 56. R8f7 Kg8 57. R7f3 Kh7
58. Kh2 1/2-1/2

[Event "Elit(Stockholms SS-Helsingborg)"]
[Site "?"]
[Date "2023.03.10"]
[Round "7"]
[White "Nilsson Hask, Patrik"]
[Black "Hauge, Lars Oskar"]
[Result "0-1"]
[WhiteElo "2196"]
[BlackElo "2512"]
[PlyCount "124"]
[SourceVersionDate "2023.03.16"]

1. d4 Nf6 2. Bf4 b6 3. Nc3 Bb7 4. f3 a6 5. e4 d5 6. e5 Nfd7 7. Be3 c5 8. f4
cxd4 9. Qxd4 e6 10. Nf3 Nc6 11. Qd2 Rc8 12. Bd3 Nc5 13. Nd4 Nxd3+ 14. cxd3 Nxd4
15. Bxd4 Bc5 16. Ne2 Qh4+ 17. g3 Qh3 18. b4 Be7 19. Kf2 O-O 20. Ng1 Qf5 21. Nf3
a5 22. b5 f6 23. Rhc1 fxe5 24. Nxe5 Bc5 25. Qe3 Ba3 26. Rxc8 Rxc8 27. Re1 Re8
28. Nf3 Bd6 29. Bxb6 d4 30. Qxd4 Qh5 31. Re4 Bxe4 32. dxe4 Bb4 33. Qd7 Bc5+ 34.
Bxc5 Qxc5+ 35. Kg2 Qe7 36. Qc6 Rd8 37. a4 h6 38. Qc4 Kh7 39. Nd4 e5 40. Nf5
Rd2+ 41. Kf3 Qa7 42. Ne3 exf4 43. gxf4 Qd7 44. e5 Qh3+ 45. Ke4 Qxh2 46. Qf7
Qh1+ 47. Kf5 Qh3+ 48. Ke4 Re2 49. Qb3 Qh1+ 50. Kd4 Rd2+ 51. Kc5 Qe4 52. Nd5 Kh8
53. b6 Qd4+ 54. Kc6 Rb2 55. Qa3 Qc4+ 56. Kd6 Rc2 57. Ne3 Rd2+ 58. Ke7 Qc6 59.
e6 Qb7+ 60. Ke8 Qc8+ 61. Ke7 Qd8+ 62. Kf7 Qf6+ 0-1

[Event "Elit(Vasteras-Wasa)"]
[Site "?"]
[Date "2023.03.10"]
[Round "7"]
[White "Meshkovs, Nikita"]
[Black "Norberg, Johan"]
[Result "1-0"]
[WhiteElo "2576"]
[BlackElo "2279"]
[PlyCount "71"]
[SourceVersionDate "2023.03.18"]

1. d4 Nf6 2. c4 g6 3. Nc3 Bg7 4. e4 d6 5. h3 O-O 6. Nf3 c5 7. d5 e6 8. Bd3 a6
9. O-O exd5 10. exd5 Nfd7 11. Bg5 f6 12. Bh4 Ne5 13. Nxe5 dxe5 14. f3 Nd7 15.
Qc2 Qc7 16. Rae1 Rf7 17. g4 Nf8 18. Bg3 f5 19. Qh2 Nd7 20. gxf5 gxf5 21. Kh1 f4
22. Bf2 Nf6 23. Rg1 Bd7 24. Bh4 Kh8 25. Rg5 Re8 26. Qe2 e4 27. Nxe4 Nxe4 28.
Bxe4 Bf6 29. Rh5 Bxh4 30. Rxh4 Rg8 31. Qd2 Rg3 32. Qc3+ Kg8 33. d6 Qxd6 34. Bd5
Rxh3+ 35. Rxh3 Bxh3 36. Re8+ 1-0

[Event "Elit(Rockaden, Stockholm-LASK)"]
[Site "?"]
[Date "2023.03.10"]
[Round "7"]
[White "Holm, Kristian Stuvik"]
[Black "Hammer, Jon Ludvig"]
[Result "1/2-1/2"]
[WhiteElo "2480"]
[BlackElo "2630"]
[PlyCount "56"]
[SourceVersionDate "2023.03.20"]

1. d4 Nf6 2. c4 e6 3. Nf3 d5 4. Nc3 Be7 5. Bf4 O-O 6. e3 c5 7. dxc5 Bxc5 8.
cxd5 Nxd5 9. Nxd5 exd5 10. a3 Nc6 11. Bd3 Bb6 12. O-O d4 13. e4 Bg4 14. h3 Bh5
15. g4 Bg6 16. Bg3 Bc7 17. Bxc7 Qxc7 18. Qd2 Rfe8 19. Rae1 Re7 20. b4 Rae8 21.
b5 Na5 22. Rc1 Qd8 23. Rcd1 Bxe4 24. Bxe4 Rxe4 25. Nxd4 g6 26. Qc3 Qb6 27. Rd3
Rf4 28. Rfd1 h6 1/2-1/2

[Event "Elit(Vasteras-Wasa)"]
[Site "?"]
[Date "2023.03.10"]
[Round "7"]
[White "Bergstrom, Peter"]
[Black "Cramling, Pia"]
[Result "1/2-1/2"]
[WhiteElo "2315"]
[BlackElo "2458"]
[PlyCount "75"]
[SourceVersionDate "2023.03.18"]

1. e4 c5 2. Nc3 Nc6 3. Bb5 Nd4 4. Bc4 e6 5. Nge2 Nf6 6. d3 d5 7. exd5 exd5 8.
Bb3 Nxb3 9. axb3 d4 10. Ne4 Nd5 11. Nf4 Be7 12. O-O O-O 13. Nxd5 Qxd5 14. Qf3
Be6 15. Qg3 Bf5 16. Re1 Qd7 17. Bf4 Rfe8 18. h4 Bg6 19. Bg5 Bxe4 20. Rxe4 Bxg5
21. Qxg5 Rxe4 22. dxe4 b6 23. Qd5 Qxd5 24. exd5 a5 25. c3 dxc3 26. bxc3 b5 27.
Kf1 Kf8 28. Ke2 Ke7 29. Kd3 Kd6 30. c4 bxc4+ 31. bxc4 a4 32. Kc3 h5 33. Rb1 a3
34. Ra1 Ra4 35. Ra2 g6 36. Kb3 Rb4+ 37. Kc3 Ra4 38. Kb3 1/2-1/2

[Event "Elit(Rockaden, Stockholm-LASK)"]
[Site "?"]
[Date "2023.03.10"]
[Round "7"]
[White "Blomqvist, Erik"]
[Black "Tikkanen, Hans"]
[Result "1-0"]
[WhiteElo "2538"]
[BlackElo "2490"]
[PlyCount "60"]
[SourceVersionDate "2023.03.20"]

1. e4 c6 2. Nf3 d5 3. Nc3 Bg4 4. h3 Bxf3 5. Qxf3 e6 6. Be2 Bc5 7. O-O Nd7 8.
exd5 exd5 9. Re1 Ne7 10. Na4 Bd6 11. d4 Qa5 12. Nc3 Nf8 13. Bh6 Rg8 14. Bd2 Qb6
15. Qd3 g6 16. Na4 Qc7 17. Nc5 b6 18. Na6 Qd7 19. c4 Ne6 20. Bf3 O-O-O 21. Rac1
dxc4 22. Qxc4 Nxd4 23. Qxd4 Bh2+ 24. Kxh2 Qxd4 25. Rxe7 Qd6+ 26. Bf4 Qxe7 27.
Rxc6+ Kd7 28. Rc7+ Ke8 29. Bc6+ Rd7 30. Nb8 Qb4 1-0

[Event "Elit(Kungstornet-Rockaden,Sthlm)"]
[Site "?"]
[Date "2023.02.25"]
[Round "6"]
[White "Trost, Edvin"]
[Black "Aronsson, Marten"]
[Result "1/2-1/2"]
[WhiteElo "2369"]
[BlackElo "2221"]
[PlyCount "73"]
[SourceVersionDate "2023.03.02"]

1. d4 d5 2. c4 c6 3. Nf3 Nf6 4. e3 Bg4 5. Qb3 Qb6 6. Nc3 e6 7. Nh4 Be7 8. h3
Bh5 9. g4 Bg6 10. Nxg6 hxg6 11. Bg2 g5 12. O-O Nbd7 13. Rd1 Rd8 14. Qc2 Nf8 15.
e4 Nxe4 16. Nxe4 dxe4 17. Qxe4 Ng6 18. Be3 Qxb2 19. d5 cxd5 20. cxd5 Rxd5 21.
Rdb1 Qa3 22. Qc4 Rd8 23. Qb5+ Kf8 24. Qxb7 Nf4 25. Rd1 g6 26. Rxd8+ Bxd8 27.
Rd1 Kg7 28. Rd7 Rf8 29. Qxa7 Qxa7 30. Rxa7 Bf6 31. Ra4 Be5 32. Bf1 Rb8 33. h4
Kf6 34. Ra5 gxh4 35. Rb5 Rxb5 36. Bxb5 Nd5 37. Bc5 1/2-1/2

[Event "Elit(Kungstornet-Rockaden,Sthlm)"]
[Site "?"]
[Date "2023.02.25"]
[Round "6"]
[White "Andersson, Fredrik"]
[Black "Kenneskog, Theodor"]
[Result "1/2-1/2"]
[WhiteElo "2242"]
[BlackElo "2318"]
[PlyCount "37"]
[SourceVersionDate "2023.03.02"]

1. e4 c5 2. Nc3 d6 3. f4 g6 4. Nf3 Bg7 5. Bb5+ Bd7 6. a4 Nc6 7. O-O Nf6 8. d3
O-O 9. Bxc6 Bxc6 10. Qe1 e6 11. f5 exf5 12. exf5 Re8 13. Qh4 d5 14. fxg6 hxg6
15. Bg5 Qd6 16. Bf4 Qe6 17. Nb5 Bxb5 18. axb5 Qg4 19. Rfe1 1/2-1/2

[Event "Elit(Kungstornet-Rockaden,Sthlm)"]
[Site "?"]
[Date "2023.02.25"]
[Round "6"]
[White "Barkhagen, Jonas"]
[Black "Larsson, Anders"]
[Result "1/2-1/2"]
[WhiteElo "2423"]
[BlackElo "2221"]
[PlyCount "56"]
[SourceVersionDate "2023.03.02"]

1. d4 e6 2. c4 Bb4+ 3. Bd2 Bxd2+ 4. Nxd2 d6 5. Ngf3 Qe7 6. Rc1 Nf6 7. c5 O-O 8.
cxd6 cxd6 9. e3 e5 10. Nc4 Nc6 11. Be2 Bg4 12. h3 Bxf3 13. Bxf3 e4 14. Be2 d5
15. Nd2 Rad8 16. Qb3 Rc8 17. O-O Rc7 18. Rc5 Rfc8 19. Qa4 Nd7 20. Rc3 Nb6 21.
Qb5 g6 22. Rfc1 Nd8 23. Nb3 Rxc3 24. Rxc3 Rxc3 25. bxc3 Qd7 26. Qxd7 Nxd7 27.
c4 dxc4 28. Bxc4 Nb6 1/2-1/2

[Event "Elit(Kungstornet-Rockaden,Sthlm)"]
[Site "?"]
[Date "2023.02.25"]
[Round "6"]
[White "Glimbrant, Torbjorn"]
[Black "Hedman, Erik"]
[Result "0-1"]
[WhiteElo "2153"]
[BlackElo "2314"]
[PlyCount "86"]
[SourceVersionDate "2023.03.02"]

1. d4 Nf6 2. Nf3 g6 3. g3 Bg7 4. Bg2 c5 5. O-O cxd4 6. Nxd4 h5 7. Nf3 O-O 8. c4
Qc7 9. Qb3 Nc6 10. Nc3 d6 11. Nb5 Qb8 12. Nbd4 Bd7 13. Qd1 Qc8 14. b3 Nxd4 15.
Nxd4 Bh3 16. Bb2 h4 17. Rc1 a6 18. Nf3 Bxg2 19. Kxg2 h3+ 20. Kg1 Qc6 21. Bxf6
Bxf6 22. Qd2 Kg7 23. Rfd1 Rfc8 24. Qd5 Qxd5 25. cxd5 Bb2 26. Rxc8 Rxc8 27. Ne1
f5 28. Kf1 Ba3 29. e3 Kf6 30. f4 a5 31. Rd2 Rc1 32. Ke2 Bb4 33. Rd1 Rc5 34. e4
fxe4 35. g4 g5 36. fxg5+ Kxg5 37. Ke3 Bxe1 38. Rxe1 Rxd5 39. Rg1 Rd3+ 40. Kxe4
Rd2 41. Rf1 Rxh2 42. Rf7 Rxa2 43. Kf3 h2 0-1

[Event "Elit(Vasteras-Farsta)"]
[Site "?"]
[Date "2023.02.25"]
[Round "6"]
[White "Hjelm, Niclas"]
[Black "Akesson, Ralf"]
[Result "1/2-1/2"]
[WhiteElo "2298"]
[BlackElo "2407"]
[PlyCount "86"]
[SourceVersionDate "2023.03.16"]

1. d4 Nf6 2. c4 e6 3. Nf3 d5 4. Nc3 Be7 5. Bg5 O-O 6. e3 h6 7. Bh4 b6 8. Bd3
Bb7 9. O-O Nbd7 10. Bg3 c5 11. cxd5 Nxd5 12. Rc1 Nxc3 13. bxc3 Nf6 14. Qe2 Be4
15. Ba6 Qd5 16. Rfd1 Qh5 17. a4 Bc6 18. Bb5 Bb7 19. Ba6 Bc6 20. Bb5 Bd5 21. Nd2
Qxe2 22. Bxe2 Bc6 23. Ra1 Rfd8 24. Rdc1 Kf8 25. Nc4 Ne4 26. Ne5 Be8 27. Ba6 f6
28. Nc4 Nxg3 29. hxg3 Bc6 30. f3 h5 31. Kf2 Kf7 32. Rh1 g6 33. Nd2 e5 34. Bc4+
Kg7 35. Nb3 a6 36. dxc5 bxc5 37. Na5 Be8 38. Ke2 Rab8 39. Rhb1 Rxb1 40. Rxb1
Bxa4 41. Rb7 Kf8 42. Rb6 Ra8 43. Rxa6 Rxa6 1/2-1/2

[Event "Elit(Vasteras-Farsta)"]
[Site "?"]
[Date "2023.02.25"]
[Round "6"]
[White "Carlsson, Ludvig"]
[Black "Degerman, Lars"]
[Result "1/2-1/2"]
[WhiteElo "2349"]
[BlackElo "2432"]
[PlyCount "97"]
[SourceVersionDate "2023.03.16"]

1. Nf3 Nf6 2. d4 g6 3. c4 Bg7 4. Nc3 d5 5. cxd5 Nxd5 6. e4 Nxc3 7. bxc3 c5 8.
Bb5+ Nc6 9. O-O O-O 10. Bxc6 bxc6 11. Qc2 Qa5 12. Rb1 Be6 13. a4 cxd4 14. cxd4
Bg4 15. Ne5 Bxe5 16. dxe5 Rab8 17. Be3 Qxe5 18. Bxa7 Rxb1 19. Rxb1 Ra8 20. Bb6
Be6 21. a5 Bd7 22. Qd3 Qe6 23. a6 c5 24. a7 Bc6 25. f3 c4 26. Qc3 Rc8 27. Be3
Ba8 28. Rb8 f6 29. h4 h5 30. Qd4 Kf7 31. Bh6 Qc6 32. Qd5+ Qxd5 33. exd5 Re8 34.
Bd2 Bxd5 35. Kf2 e5 36. Bb4 e4 37. Bc3 exf3 38. gxf3 Ba8 39. Bxf6 Bd5 40. f4
Re6 41. Bd4 Ra6 42. f5 gxf5 43. Kg3 Be4 44. Rc8 Ra4 45. Rh8 c3 46. Bxc3 Ra3 47.
Kf4 Rxc3 48. a8=Q Bxa8 49. Rxa8 1/2-1/2

[Event "Elit(Vasteras-Farsta)"]
[Site "?"]
[Date "2023.02.25"]
[Round "6"]
[White "Livner, Anders"]
[Black "Bergstrom, Peter"]
[Result "0-1"]
[WhiteElo "2356"]
[BlackElo "2315"]
[PlyCount "128"]
[SourceVersionDate "2023.03.16"]

1. Nf3 d5 2. g3 c6 3. Bg2 Bg4 4. c4 e6 5. O-O Nf6 6. d3 Nbd7 7. cxd5 exd5 8.
Nc3 Bd6 9. h3 Bxf3 10. Bxf3 O-O 11. e4 dxe4 12. dxe4 Nc5 13. Be3 Ne6 14. Qc2
Bc5 15. Bxc5 Nxc5 16. Rad1 Qc7 17. Bg2 Rad8 18. f4 Rxd1 19. Rxd1 Rd8 20. e5 Ne8
21. Bf1 Rxd1 22. Qxd1 Qd7 23. Qxd7 Nxd7 24. b4 Kf8 25. b5 cxb5 26. Bxb5 Nc5 27.
Nd5 a6 28. Be2 f6 29. exf6 Nxf6 30. Nxf6 gxf6 31. Kf2 Ne4+ 32. Ke3 Nxg3 33. Bd3
h6 34. a4 Ke7 35. Kf3 Nh5 36. Be4 b5 37. axb5 axb5 38. Ke3 Kd6 39. Bf3 Ng7 40.
Be2 b4 41. Bc4 Kc5 42. Bg8 Nf5+ 43. Ke4 Nd6+ 44. Kd3 Nc8 45. Ke4 Ne7 46. Bf7
Kd6 47. Kd4 Nc6+ 48. Ke4 Ke7 49. Bd5 Kd7 50. Ba2 Ne7 51. Bf7 Kc6 52. Kd4 Kd6
53. Ke4 f5+ 54. Kd4 Nc6+ 55. Ke3 Nd8 56. Bb3 Ne6 57. Bc2 Ng7 58. Kd4 Ke6 59.
Bd1 Kf6 60. Ke3 Ne6 61. Bb3 Nc5 62. Bc2 b3 63. Bb1 Ne4 64. Kd3 Kg6 0-1

[Event "Elit(Vasteras-Farsta)"]
[Site "?"]
[Date "2023.02.25"]
[Round "6"]
[White "Norberg, Johan"]
[Black "Jaderberg, Bjorn"]
[Result "0-1"]
[WhiteElo "2279"]
[BlackElo "2136"]
[PlyCount "80"]
[EventDate "2023.??.??"]
[SourceVersionDate "2023.03.16"]

1. e4 d5 2. exd5 Nf6 3. Be2 Nxd5 4. d4 g6 5. Nf3 Bg7 6. c4 Nf6 7. Nc3 O-O 8.
O-O Bg4 9. h3 Bf5 10. Qb3 Qc8 11. Bf4 Na6 12. Ne5 c6 13. Bf3 Nd7 14. Rfe1 Nxe5
15. Bxe5 Re8 16. Rad1 h5 17. Qa3 c5 18. Bxg7 Kxg7 19. dxc5 Nxc5 20. Nd5 e5 21.
b4 Nd7 22. Qc3 f6 23. Ne3 Be6 24. Rd6 Rb8 25. Red1 Nf8 26. c5 Re7 27. Bd5 Qe8
28. Nc4 Bxd5 29. R6xd5 Ne6 30. Nd6 Qa4 31. g3 Nd4 32. R1xd4 exd4 33. Qxd4 Qxa2
34. g4 Re1+ 35. Kh2 hxg4 36. Ne4 Rxe4 37. Rd7+ Kh6 38. Qxf6 g3+ 39. Kxg3 Rg8
40. f3 Qe6 0-1

[Event "Elit(Vasteras-Farsta)"]
[Site "?"]
[Date "2023.02.25"]
[Round "6"]
[White "Lindeman, Sven"]
[Black "Janse, Love"]
[Result "0-1"]
[WhiteElo "2160"]
[BlackElo "2200"]
[PlyCount "120"]
[SourceVersionDate "2023.03.16"]

1. e4 e6 2. d4 d5 3. Nc3 Bb4 4. e5 c5 5. a3 Bxc3+ 6. bxc3 Qc7 7. Nf3 b6 8. Bb5+
Bd7 9. Bd3 Ba4 10. O-O h6 11. h4 Ne7 12. h5 Nd7 13. Nh4 c4 14. Be2 O-O-O 15.
Bg4 Qc6 16. Re1 g5 17. hxg6 fxg6 18. g3 Rdg8 19. Ng2 g5 20. Ne3 Kc7 21. Bh5 Rf8
22. Ng4 Nf5 23. Kg2 Ng7 24. Rh1 Qa8 25. Kg1 Qd8 26. Be3 Qe7 27. Qd2 Nxh5 28.
Rxh5 Qg7 29. Rc1 Qg6 30. Rh2 h5 31. Nf6 Nxf6 32. exf6 Rhg8 33. f4 g4 34. f5
Qxf5 35. Bf4+ Kb7 36. Be5 Be8 37. Rf1 Qh7 38. Bd6 Rf7 39. Qe1 Bd7 40. Qe5 h4
41. Be7 h3 42. Qd6 Bc8 43. Re2 Re8 44. Rf4 Ka6 45. a4 Rh8 46. Kh2 Re8 47. Rxg4
Qh5 48. Qf4 Rexe7 49. Re5 Qh7 50. Rh4 Qxc2+ 51. Kxh3 Re8 52. g4 Qxc3+ 53. Kh2
Qb2+ 54. Kg3 c3 55. g5 c2 56. Rh1 Rh8 57. Ree1 Rxh1 58. Rxh1 Qc3+ 59. Kg2 Rc7
60. g6 e5 0-1